000 00603nam a2200181Ia 4500
003 GCL
008 140319s9999 xx 000 0 ara d
040 _aGCL /
_cGCL
082 0 4 _a301.1
_bم ب
100 1 _aمعتز سيد عبدالله
245 1 0 _aبحوث فى علم النفس الاجتماعى والشخصية /
_cمعتز سيد عبدالله
700 1 _aعبدالحليم محمود السيد
300 _a316 ص
490 _aالهيئة العامة للاستعلامات
_v0
650 0 4 _aالشخصية
650 0 4 _aعلم النفس الاجتماعى
942 _2ddc
_cBK
999 _c47769
_d47769